000 00844nam a22002537a 4500
003 dpl
005 20180719132436.0
008 180523b xxu||||| |||| 00| 0 eng d
010 _aB-217631, B-217636
020 _c550.00
_a818858374X
035 _aB-217631, B-271636 ,B-217632
037 _bCen Lib/Ret
040 _aDPL
_bEN
_c0
082 _a954.36
_bBEA
245 _aThe beautiful India :
_cedited by S.A. Rahman
_bAndaman and Nikobar /
260 _aNew Delhi
_bReference press
_c2005
270 _bNew Delhi
_a4831/24, Ansari road, Daryaganj
_e110002
300 _ax,245p.
_c21cm(Hb)
500 _aIncludes bibliographical references
650 _aHistory
_zAndaman and Nikobar
_939580
650 _aGeography
_zAndaman and Nikobar
_939581
700 _aRahman, S.A.
_939572
942 _2ddc
_cEN
_h954.36
_mBEA
999 _c134029
_d134029